000 00287nam a22001217a 4500
082 _a371.3078
_bCBSE/A
100 _aCENTRAL BOARD OF SECONDARY EDUCATION
245 _aART EDUCATION IN SCHOOLS
260 _aDELHI
_bCBSE
_c1989
300 _a90
650 _aEDUCATIONAL
_zINDIA
942 _cBK
999 _c5466
_d5466